[Event "1st Turkish League 2017"]
[Site "Konya"]
[Date "2017.07.23"]
[Round "9"]
[White "Bayik, Hasan"]
[Black "Rzayev, Askar Aliakbar"]
[Result "0-1"]
[WhiteElo "1879"]
[BlackElo "2080"]
[Annotator "NA"]
[PlyCount "126"]
[EventType "team-tourn"]
[EventCountry "TUR"]
[SourceTitle "playchess.com"]
[Source "ChessBase"]
[SourceQuality "1"]
[TimeControl "5400+30"]

1. d4 {[%emt 0:00:30]} Nf6 {[%emt 0:01:00]} 2. c4 {[%emt 0:00:30]} e6 {[%emt 0:00:00]} 3. Nc3 {[%emt 0:00:30]} Bb4 {[%emt 0:00:00]} 4. Qc2 {[%emt 0:00:00]} O-O {[%emt 0:00:00]} 5. Bg5 {[%emt 0:01:00]} d5 {[%emt 0:00:00]} 6. e3 {[%emt 0:00:30] LiveBook: 9 Games} c5 {[%emt 0:00:30] E32: Nimzo-Indian: Classical (4 Qc2): 4...0-0} 7. Nf3 {[%emt 0:05:30]} h6 {[%emt 0:01:30]} 8. Bxf6 {[%emt 0:00:30]} (8. Bh4 cxd4 9. exd4 Nbd7 10. cxd5 Nb6 11. dxe6 Bxe6 12. Be2 Rc8 13. a3 Bxc3+ 14. bxc3 Nbd5 15. O-O Rxc3 16. Qb2 Qc7 17. Rac1 {0-1 (33) Mamedyarov,S (2757)-Leko,P (2730) Beijing 2013}) 8... Qxf6 {[%emt 0:00:00]} 9. cxd5 {[%emt 0:03:30]} cxd4 {[%emt 0:01:00]} 10. Nxd4 {[%emt 0:00:30]} exd5 {[%emt 0:00:30]} 11. a3 {[%emt 0:01:30]} Bxc3+ {[%emt 0:00:30]} 12. Qxc3 {[%emt 0:00:00]} Nc6 {[%emt 0:00:30]} 13. Rc1 $146 {[%emt 0:05:00]} ({Predecessor:} 13. Rd1 Be6 14. Bb5 Ne5 15. O-O Rac8 16. Qb3 {1-0 (38) Miljkovic,M (2477)-Djordjevic,D (2014) Belgrade 2014}) 13... Ne5 {[%emt 0:02:30]} 14. f4 {[%emt 0:11:30]} Ng4 {[%emt 0:02:30]} 15. Be2 {[%emt 0:02:30]} Qh4+ {[%emt 0:01:30]} 16. g3 {[%emt 0:03:30]} Qe7 {[%emt 0:00:30]} 17. Bxg4 {[%emt 0:03:30]} Bxg4 {[%emt 0:00:30]} 18. Qd3 {[%emt 0:00:30]} Rfe8 {[%emt 0:01:30]} 19. Kf2 {[%emt 0:00:30]} Rac8 {[%emt 0:02:30]} 20. Rhe1 {[%emt 0:01:30]} a6 {[%emt 0:03:30]} 21. Nc2 {[%emt 0:16:30]} Rc4 {[%emt 0:08:30]} 22. Nb4 {[%emt 0:01:30]} Bf5 {[%emt 0:03:30]} 23. Qd2 {[%emt 0:04:30]} Be4 {[%emt 0:00:30]} 24. b3 {[%emt 0:05:30]} Rxc1 {[%emt 0:01:30]} 25. Rxc1 {[%emt 0:07:30]} a5 {[%emt 0:01:30]} 26. Nc2 {[%emt 0:00:30]} Rc8 {[%emt 0:04:30]} 27. Nd4 {[%emt 0:00:30]} Rc5 {[%emt 0:05:30]} 28. Rxc5 {[%emt 0:01:30]} Qxc5 {[%emt 0:02:30]} 29. b4 {[%emt 0:00:00]} axb4 {[%emt 0:00:30]} 30. axb4 {[%emt 0:00:00]} Qa7 {[%emt 0:00:30]} 31. Nb3 {[%emt 0:02:30]} b6 {[%emt 0:01:30]} 32. Qd4 {[%emt 0:07:20]} Qd7 {[%emt 0:04:30]} 33. Nd2 {[%emt 0:03:20]} Qh3 {[%emt 0:02:30]} 34. Nxe4 {[%emt 0:00:02]} Qxh2+ {[%emt 0:00:30]} 35. Kf1 {[%emt 0:01:25]} Qh1+ {[%emt 0:06:30]} 36. Kf2 $15 {[%emt 0:00:01]} dxe4 {[%emt 0:00:30]} 37. Ke2 {[%emt 0:02:55]} Qg2+ {[%emt 0:01:30]} 38. Kd1 {[%emt 0:00:00]} b5 {[%emt 0:01:30]} 39. Qd8+ {[%emt 0:03:31]} Kh7 {[%emt 0:00:30]} 40. Qd5 {[%emt 0:00:00]} Qxg3 {[%emt 0:06:30]} 41. Qxb5 {[%emt 0:02:31]} Qg4+ {[%emt 0:01:30]} 42. Ke1 {[%emt 0:00:39]} f5 {[%emt 0:07:30]} 43. Qe2 {[%emt 0:01:33]} Qg1+ {[%emt 0:00:30]} 44. Kd2 {[%emt 0:00:01]} Qa1 {[%emt 0:02:30]} 45. Qb5 {[%emt 0:00:57]} Qb2+ {[%emt 0:00:30]} 46. Kd1 {[%emt 0:00:01]} Qb3+ {[%emt 0:02:30]} 47. Kd2 {[%emt 0:00:05]} Kg6 {[%emt 0:03:30]} 48. Qe8+ {[%emt 0:00:49]} Kh7 {[%emt 0:01:15]} 49. Qb5 {[%emt 0:01:07]} Qe6 {[%emt 0:01:02]} 50. Kc3 {[%emt 0:00:42]} h5 {[%emt 0:00:39]} 51. Qe2 {[%emt 0:02:12]} Qc6+ {[%emt 0:01:12]} 52. Kb3 {[%emt 0:00:02]} Qg6 {[%emt 0:02:31]} 53. Qe1 {[%emt 0:01:07]} Qe6+ {[%emt 0:02:31]} 54. Ka4 {[%emt 0:00:21]} Qa6+ {[%emt 0:00:00]} 55. Kb3 {[%emt 0:00:03]} Qf6 {[%emt 0:01:53]} 56. b5 {[%emt 0:00:26]} h4 {[%emt 0:00:49]} 57. Ka4 {[%emt 0:00:12]} Qd8 {[%emt 0:00:47]} 58. Qe2 {[%emt 0:02:00]} Kh6 {[%emt 0:00:25]} 59. Qg2 {[%emt 0:00:00]} Qd1+ {[%emt 0:00:09]} 60. Ka5 {[%emt 0:00:20]} Qg4 {[%emt 0:06:24]} 61. Qf1 {[%emt 0:00:01]} h3 {[%emt 0:00:37]} 62. b6 {[%emt 0:00:30]} Qg2 {[%emt 0:00:08]} 63. Qe1 {[%emt 0:00:00]} h2 0-1

[Event "1st Turkish League 2017"]
[Site "Konya"]
[Date "2017.07.23"]
[Round "9"]
[White "Gulsoy, Mustafa Alpago"]
[Black "Keler, Faruk"]
[Result "1-0"]
[WhiteElo "1871"]
[BlackElo "2262"]
[Annotator "NA"]
[PlyCount "127"]
[EventType "team-tourn"]
[EventCountry "TUR"]
[SourceTitle "playchess.com"]
[Source "ChessBase"]
[SourceQuality "1"]
[TimeControl "5400+30"]

1. e4 {[%emt 0:00:30]} c5 {[%emt 0:01:00]} 2. c3 {[%emt 0:00:30]} d6 {[%emt 0:00:00]} 3. d4 {[%emt 0:01:30]} Nf6 {[%emt 0:00:00]} 4. dxc5 {[%emt 0:01:30]} Nc6 {[%emt 0:00:30] LiveBook: 358 Games} 5. Qc2 {[%emt 0:01:30]} dxc5 {[%emt 0:03:30]} 6. Be3 {[%emt 0:01:30] B22: Sicilian: 2 c3} (6. Bf4 Nh5 7. Be3 e5 8. Qd1 Qxd1+ 9. Kxd1 f5 10. f3 fxe4 11. fxe4 Nf6 12. Nd2 Ng4 13. Ke2 Nxe3 14. Kxe3 {½-½ (69) Stevic,H (2607)-Jones,G (2650) Dubai 2014}) 6... b6 {[%emt 0:07:30]} 7. f3 $146 {[%emt 0:07:30]} ({Predecessor:} 7. Bb5 Bb7 8. Qa4 Qc8 9. Nd2 a6 10. Be2 b5 11. Qc2 e5 12. Nb3 c4 13. Nc5 Bxc5 14. Bxc5 {0-1 (25) Rott,G (2178)-Unbehend,M Dortmund 2001}) 7... Qc7 {[%emt 0:03:30]} 8. Na3 {[%emt 0:05:30]} a6 {[%emt 0:01:30]} 9. g4 {[%emt 0:05:30]} e6 {[%emt 0:05:30]} 10. Qf2 {[%emt 0:02:30]} Bb7 {[%emt 0:11:30]} 11. O-O-O {[%emt 0:02:30]} Ne5 {[%emt 0:07:30]} 12. Nc4 {[%emt 0:09:30]} Nxc4 {[%emt 0:06:30]} 13. Bxc4 {[%emt 0:01:30]} Bd6 {[%emt 0:02:30]} 14. Ne2 {[%emt 0:03:30]} O-O-O {[%emt 0:00:30]} 15. Rhe1 {[%emt 0:16:30]} Rd7 {[%emt 0:01:30]} 16. Rxd6 {[%emt 0:05:30]} Qxd6 {[%emt 0:03:30]} 17. e5 {[%emt 0:00:30]} Qxe5 {[%emt 0:01:30]} 18. Bf4 {[%emt 0:00:00]} Nxg4 {[%emt 0:00:30]} 19. Qg3 {[%emt 0:01:00]} (19. fxg4 $18 Qe4 20. Nd4) 19... Qf6 {[%emt 0:01:30]} 20. fxg4 {[%emt 0:00:30]} Rhd8 {[%emt 0:00:30]} 21. Be5 {[%emt 0:03:30]} Qg5+ {[%emt 0:01:30]} 22. Qf4 {[%emt 0:08:30]} Qh4 {[%emt 0:06:30]} 23. Qg3 {[%emt 0:03:16]} Qxg3 {[%emt 0:01:30]} 24. Nxg3 {[%emt 0:00:09]} b5 {[%emt 0:00:30]} 25. Bf1 {[%emt 0:01:20]} Bf3 $11 {[%emt 0:05:30]} 26. a4 {[%emt 0:05:27]} Rd1+ {[%emt 0:00:30]} 27. Rxd1 {[%emt 0:00:30]} Rxd1+ {[%emt 0:00:30]} 28. Kc2 {[%emt 0:00:00]} Rd5 {[%emt 0:00:00]} 29. Bxg7 {[%emt 0:00:38]} Bxg4 {[%emt 0:08:00]} 30. c4 {[%emt 0:03:13]} Rg5 {[%emt 0:06:02]} 31. Bf6 {[%emt 0:00:57]} Rg6 {[%emt 0:00:35]} 32. Be7 {[%emt 0:00:30]} bxa4 {[%emt 0:00:00]} 33. Bxc5 {[%emt 0:00:13]} Rf6 {[%emt 0:02:57]} 34. Bd4 {[%emt 0:01:14]} Rf4 {[%emt 0:00:43]} 35. Be3 {[%emt 0:00:09]} Rf3 {[%emt 0:01:51]} 36. Kd2 {[%emt 0:00:50]} Rf6 {[%emt 0:00:17]} 37. Bd3 {[%emt 0:01:14]} h5 {[%emt 0:00:19]} 38. c5 {[%emt 0:01:18]} e5 {[%emt 0:02:54]} 39. Ne4 {[%emt 0:00:46]} Rf3 {[%emt 0:00:13]} 40. Bxa6+ {[%emt 0:01:30]} Kc7 {[%emt 0:00:30]} 41. Ng5 {[%emt 0:00:00]} Rf5 {[%emt 0:00:20]} 42. Bd3 {[%emt 0:00:06]} Rf6 {[%emt 0:00:19]} 43. Bc4 {[%emt 0:01:30]} Bd7 {[%emt 0:03:13]} 44. Nxf7 {[%emt 0:00:44]} Be6 {[%emt 0:01:10]} 45. Bxe6 {[%emt 0:00:52]} Rxe6 {[%emt 0:00:14]} 46. Nxe5 {[%emt 0:00:03]} Ra6 {[%emt 0:01:22]} 47. Nc4 {[%emt 0:00:31]} Kc6 {[%emt 0:00:53]} 48. Kc3 {[%emt 0:00:08]} Ra8 {[%emt 0:00:20]} 49. Kb4 {[%emt 0:00:41]} Ra7 {[%emt 0:02:55]} 50. Na5+ {[%emt 0:01:09]} Kd5 {[%emt 0:00:07]} 51. c6 {[%emt 0:00:58]} Re7 {[%emt 0:00:46]} 52. Bb6 {[%emt 0:00:13]} Re4+ {[%emt 0:00:55]} 53. Kb5 {[%emt 0:00:01]} Re2 {[%emt 0:00:32]} 54. c7 {[%emt 0:00:13]} Rc2 {[%emt 0:01:30]} 55. Kxa4 {[%emt 0:00:32]} Kd6 {[%emt 0:00:14]} 56. Kb3 {[%emt 0:00:55]} Rc1 {[%emt 0:00:30]} 57. Nc4+ {[%emt 0:00:30]} Kd7 {[%emt 0:00:00]} 58. Kb4 {[%emt 0:00:00]} Rc2 {[%emt 0:00:09]} 59. b3 {[%emt 0:00:00]} h4 {[%emt 0:00:28]} 60. h3 {[%emt 0:00:19]} Rc1 {[%emt 0:00:52]} 61. Kb5 {[%emt 0:00:22]} Rc3 {[%emt 0:00:46]} 62. Ka6 {[%emt 0:00:10]} Rg3 {[%emt 0:02:00]} 63. Kb7 {[%emt 0:00:06]} Rg8 {[%emt 0:00:14]} 64. Ne5+ {[%emt 0:00:22]} 1-0

[Event "1st Turkish League 2017"]
[Site "Konya"]
[Date "2017.07.23"]
[Round "9"]
[White "Ozbek, Busra"]
[Black "Demirtas, Hafize"]
[Result "1-0"]
[WhiteElo "1796"]
[BlackElo "1676"]
[Annotator "NA"]
[PlyCount "37"]
[EventType "team-tourn"]
[EventCountry "TUR"]
[SourceTitle "playchess.com"]
[Source "ChessBase"]
[SourceQuality "1"]
[TimeControl "5400+30"]

1. d4 Nf6 2. Nf3 d5 3. Bf4 c5 4. e3 Nc6 5. c3 Qb6 6. Na3 Qxb2 7. Nb5 Ne4 8. Bg3 Nxc3 9. Nc7+ Kd8 10. Qc1 Qb4 11. a3 Qa5 12. Qd2 cxd4 13. Nxa8 Qa4 14. Bd3 e5 15. Nxe5 Nxe5 16. Bxe5 Ne4 17. Bxe4 dxe3 18. Qxd5+ Bd7 19. O-O 1-0

[Event "1st Turkish League 2017"]
[Site "Konya"]
[Date "2017.07.23"]
[Round "9"]
[White "Baspinar, Lara"]
[Black "Erece, Ece Alkim"]
[Result "1/2-1/2"]
[WhiteElo "1652"]
[BlackElo "1829"]
[Annotator "NA"]
[PlyCount "139"]
[EventType "team-tourn"]
[EventCountry "TUR"]
[SourceTitle "playchess.com"]
[Source "ChessBase"]
[SourceQuality "1"]
[TimeControl "5400+30"]

1. c4 {[%emt 0:00:30]} Nf6 {[%emt 0:01:00]} 2. Nc3 {[%emt 0:00:30]} g6 {[%emt 0:00:00]} 3. d4 {[%emt 0:00:00]} c5 {[%emt 0:00:00]} 4. e3 {[%emt 0:02:00]} Bg7 {[%emt 0:00:30]} 5. Nf3 {[%emt 0:05:30]} O-O {[%emt 0:00:30]} 6. Be2 {[%emt 0:04:30]} cxd4 {[%emt 0:02:30]} 7. exd4 {[%emt 0:00:00]} d5 {[%emt 0:00:30]} 8. h3 {[%emt 0:03:00]} Nc6 {[%emt 0:00:30]} 9. O-O {[%emt 0:02:30]} dxc4 {[%emt 0:01:30] LiveBook: 103 Games} 10. Bxc4 {[%emt 0:00:30]} Na5 {[%emt 0:02:30]} 11. Bd3 {[%emt 0:01:30]} Be6 {[%emt 0:01:30]} 12. b3 $15 {[%emt 0:11:30]} h6 {[%emt 0:06:30]} 13. Bb2 {[%emt 0:01:30]} Nd5 {[%emt 0:00:30]} 14. Ne4 {[%emt 0:07:30]} b6 {[%emt 0:04:30]} 15. Rc1 {[%emt 0:00:30]} Nb7 {[%emt 0:05:30]} 16. Qd2 {[%emt 0:02:30]} Nd6 {[%emt 0:08:30]} 17. Ng3 {[%emt 0:01:30]} Nf5 {[%emt 0:18:30]} 18. Nxf5 {[%emt 0:08:30]} Bxf5 {[%emt 0:00:30]} 19. Bxf5 {[%emt 0:00:30]} gxf5 {[%emt 0:00:30]} 20. Ne5 {[%emt 0:00:30]} e6 {[%emt 0:01:30]} 21. Ba3 {[%emt 0:06:30]} Re8 {[%emt 0:01:30]} 22. g3 {[%emt 0:12:30]} Qf6 {[%emt 0:02:30]} 23. Rfd1 {[%emt 0:03:30]} f4 {[%emt 0:07:30]} 24. Qe2 {[%emt 0:00:30]} fxg3 {[%emt 0:06:30]} 25. fxg3 {[%emt 0:00:30]} Qg5 {[%emt 0:00:30]} 26. Kh2 {[%emt 0:07:58]} Qe3 {[%emt 0:08:55]} 27. Qxe3 {[%emt 0:06:03]} Nxe3 {[%emt 0:00:34]} 28. Rd3 {[%emt 0:00:20]} Nd5 {[%emt 0:00:35]} 29. Rf3 {[%emt 0:01:47]} f6 {[%emt 0:01:58]} 30. Nc6 {[%emt 0:02:06]} Rac8 {[%emt 0:03:34]} 31. Bd6 {[%emt 0:01:41]} Red8 {[%emt 0:04:25]} 32. Nxd8 {[%emt 0:03:15]} Rxc1 {[%emt 0:00:47]} 33. Nxe6 {[%emt 0:00:22]} Rc2+ {[%emt 0:00:15]} 34. Kg1 {[%emt 0:00:15]} Rxa2 {[%emt 0:00:50]} 35. Nxg7 {[%emt 0:02:47]} Kxg7 {[%emt 0:00:06]} 36. Rf2 {[%emt 0:00:11]} Ra1+ {[%emt 0:02:32]} 37. Kg2 {[%emt 0:00:33]} Rb1 {[%emt 0:00:10]} 38. Rf3 {[%emt 0:00:58]} Rd1 {[%emt 0:00:15]} 39. Bb8 {[%emt 0:01:21]} a5 {[%emt 0:00:58]} 40. g4 {[%emt 0:00:44]} Rxd4 {[%emt 0:00:37]} 41. Kg3 {[%emt 0:00:10]} b5 {[%emt 0:01:29]} 42. Ba7 {[%emt 0:00:11]} Rd1 {[%emt 0:00:44]} 43. Kh4 {[%emt 0:00:53]} Kg6 {[%emt 0:00:45]} 44. Kg3 {[%emt 0:00:22]} b4 {[%emt 0:00:58]} 45. Bc5 {[%emt 0:00:57]} Rc1 {[%emt 0:02:00]} 46. Bf8 {[%emt 0:00:14]} Rc3 {[%emt 0:01:00]} 47. h4 {[%emt 0:00:22]} Rxf3+ {[%emt 0:03:44]} 48. Kxf3 {[%emt 0:00:02]} h5 {[%emt 0:00:07]} 49. Ke4 {[%emt 0:00:49]} Nc3+ {[%emt 0:00:12]} 50. Kf3 {[%emt 0:00:21]} hxg4+ {[%emt 0:00:45]} 51. Kxg4 {[%emt 0:00:02]} f5+ {[%emt 0:00:32]} 52. Kf3 {[%emt 0:00:18]} Na2 {[%emt 0:00:39]} 53. Kf4 {[%emt 0:01:18]} Nc1 {[%emt 0:00:30]} 54. h5+ {[%emt 0:00:00]} Kxh5 {[%emt 0:00:32]} 55. Kxf5 {[%emt 0:00:02]} Nxb3 {[%emt 0:00:00]} 56. Ke4 {[%emt 0:00:00]} Kg5 {[%emt 0:00:25]} 57. Kd3 {[%emt 0:00:12]} Kf4 {[%emt 0:00:19]} 58. Kc4 {[%emt 0:00:00]} Nd2+ {[%emt 0:01:05]} 59. Kb5 {[%emt 0:00:13]} b3 {[%emt 0:00:30]} 60. Bg7 {[%emt 0:00:00]} Nf3 {[%emt 0:00:00]} 61. Bb2 {[%emt 0:00:21]} Ke3 {[%emt 0:00:01]} 62. Kxa5 {[%emt 0:00:19]} Kd3 {[%emt 0:00:07]} 63. Kb4 {[%emt 0:01:01]} Kc2 {[%emt 0:00:06]} 64. Ka3 {[%emt 0:01:02]} Nd2 {[%emt 0:00:17]} 65. Bf6 {[%emt 0:00:00]} Nb1+ {[%emt 0:01:30]} 66. Kb4 {[%emt 0:00:01]} Nd2 {[%emt 0:00:00]} 67. Ka3 {[%emt 0:00:32]} Ne4 {[%emt 0:00:00]} 68. Bb2 {[%emt 0:00:31]} Nc3 {[%emt 0:00:53]} 69. Ba1 {[%emt 0:00:14]} Na2 {[%emt 0:00:43]} 70. Bb2 {[%emt 0:00:55]} 1/2-1/2

[Event "1st Turkish League 2017"]
[Site "Konya"]
[Date "2017.07.23"]
[Round "9"]
[White "Sahin, Hayrun Nisa"]
[Black "Kocyigit, Buse Naz"]
[Result "1/2-1/2"]
[WhiteElo "1576"]
[BlackElo "1628"]
[Annotator "NA"]
[PlyCount "65"]
[EventType "team-tourn"]
[EventCountry "TUR"]
[SourceTitle "playchess.com"]
[Source "ChessBase"]
[SourceQuality "1"]
[TimeControl "5400+30"]

1. c4 {[%emt 0:00:30]} c6 {[%emt 0:01:00]} 2. g3 {[%emt 0:00:30]} d5 {[%emt 0:00:30]} 3. cxd5 {[%emt 0:00:30]} cxd5 {[%emt 0:00:00]} 4. d4 {[%emt 0:00:00]} Nc6 {[%emt 0:00:00]} 5. Bg2 {[%emt 0:00:00]} e6 {[%emt 0:00:30]} 6. Nf3 {[%emt 0:00:30]} Bd6 {[%emt 0:01:30]} 7. Nc3 {[%emt 0:00:30]} Nf6 {[%emt 0:00:30]} 8. O-O {[%emt 0:04:30]} O-O {[%emt 0:01:30]} 9. b3 {[%emt 0:04:30]} b6 {[%emt 0:05:30]} 10. Bb2 {[%emt 0:01:30]} Bb7 {[%emt 0:00:30]} 11. Rc1 {[%emt 0:02:30]} Rc8 {[%emt 0:00:30]} 12. Re1 {[%emt 0:06:30]} Re8 {[%emt 0:09:30]} 13. e3 {[%emt 0:13:30]} a6 {[%emt 0:08:30]} 14. a3 {[%emt 0:03:30]} Qe7 {[%emt 0:08:30]} 15. Na4 {[%emt 0:16:30]} b5 {[%emt 0:03:30]} 16. Nc5 {[%emt 0:02:30]} Ne4 {[%emt 0:04:30]} 17. b4 {[%emt 0:05:30]} Bb8 {[%emt 0:08:30]} 18. Nd2 {[%emt 0:04:30]} Nd6 {[%emt 0:02:30]} 19. Qe2 {[%emt 0:02:30]} Nc4 {[%emt 0:12:30]} 20. Ndb3 {[%emt 0:04:30]} f5 {[%emt 0:10:30]} 21. f4 {[%emt 0:05:30]} Nd8 {[%emt 0:01:42]} 22. Nd3 {[%emt 0:04:26]} Nf7 {[%emt 0:01:52]} 23. Nbc5 {[%emt 0:00:07]} Nfd6 {[%emt 0:00:52]} 24. Bf1 {[%emt 0:03:45]} Ba7 {[%emt 0:08:12]} 25. h3 {[%emt 0:03:17]} Bb6 {[%emt 0:00:16]} 26. Kh2 {[%emt 0:00:00]} Ra8 {[%emt 0:01:47]} 27. Ra1 {[%emt 0:00:40]} Ra7 {[%emt 0:02:17]} 28. Ra2 {[%emt 0:04:29]} Rea8 {[%emt 0:00:14]} 29. Rea1 {[%emt 0:00:02]} a5 {[%emt 0:02:17]} 30. Bc1 {[%emt 0:00:22]} Ne4 {[%emt 0:01:28]} 31. Qc2 {[%emt 0:02:57]} Bc6 {[%emt 0:01:45]} 32. Bg2 {[%emt 0:03:50]} Qf6 {[%emt 0:01:16]} 33. Ne5 {[%emt 0:00:43]} 1/2-1/2